Eastern Utah Libraries Catalog: Duchesne, Heber, Roosevelt, & Vernal

Amulet keepers / (Record no. 286745)

MARC details
000 -LEADER
fixed length control field 01225nam a22003498i 4500
005 - DATE AND TIME OF LATEST TRANSACTION
control field 20210525172117.0
008 - FIXED-LENGTH DATA ELEMENTS--GENERAL INFORMATION
fixed length control field 150512s2015 eng d
020 ## - INTERNATIONAL STANDARD BOOK NUMBER
International Standard Book Number 9780545723398
040 ## - CATALOGING SOURCE
Original cataloging agency MMLLC
Language of cataloging eng
Transcribing agency MMLLC
Description conventions rda
042 ## - AUTHENTICATION CODE
Authentication code pcc
082 ## - DEWEY DECIMAL CLASSIFICATION NUMBER
Classification number [FIC]
092 ## - LOCALLY ASSIGNED DEWEY CALL NUMBER (OCLC)
Classification number J
100 1# - MAIN ENTRY--PERSONAL NAME
Personal name Northrop, Michael.
9 (RLIN) 5867812
Relator term author
245 10 - TITLE STATEMENT
Title Amulet keepers /
Statement of responsibility, etc Michael Northrop.
246 ## - VARYING FORM OF TITLE
Remainder of title TombQuest
246 ## - VARYING FORM OF TITLE
Remainder of title TombQuest Book Two
246 ## - VARYING FORM OF TITLE
Remainder of title TombQuest Book 2
263 ## - PROJECTED PUBLICATION DATE
Projected publication date 1505
264 #1 - Production, Publication, Distribution, Manufacture, and Copyright Notice.
Place of production, publication, distribution, manufacture New York :
Name of producer, publisher, distributor, manufacturer Scholastic,
Date of production, publication, distribution, manufacture, or copyr 2015.
300 ## - PHYSICAL DESCRIPTION
Extent 192 pages ;
Dimensions 20 cm.
336 ## - Content Type
Content type term text
337 ## - Media type
Media type term unmediated
338 ## - Carrier type
Carrier type term volume
440 ## - SERIES STATEMENT/ADDED ENTRY--TITLE
Title TombQuest ;
Volume number/sequential designation Book 2
9 (RLIN) 5898658
500 ## - GENERAL NOTE
General note Title and description based on available prepublication data. Subject to change.
520 ## - SUMMARY, ETC.
Summary, etc "Investigating a string of disappearances amid supernatural occurrences in London, Alex and Ren discover the workings of a powerful Death Walker intent on destroying the city. "
650 #0 - SUBJECT ADDED ENTRY--TOPICAL TERM
Topical term or geographic name as entry element Detective and mystery stories.
9 (RLIN) 5898656
650 #0 - SUBJECT ADDED ENTRY--TOPICAL TERM
Topical term or geographic name as entry element Supernatural.
9 (RLIN) 5898657
942 ## - ADDED ENTRY ELEMENTS (KOHA)
Koha item type BOOK
Source of classification or shelving scheme Dewey Decimal Classification
948 ## - LOCAL PROCESSING INFORMATION (OCLC); SERIES PART DESIGNATOR (RLIN)
Series part designator, SPT (RLIN) 05/13/2015
z (OCLC) Sirsi
949 ## - LOCAL PROCESSING INFORMATION (OCLC)
n www.MicroMarketing.org 800-229-9887
Holdings
Withdrawn status Lost status Source of classification or shelving scheme Damaged status Not for loan Collection code Home library Current library Shelving location Date acquired Cost, normal purchase price Total Checkouts Total Renewals Full call number Barcode Date last seen Date checked out Cost, replacement price Price effective from Koha item type
    Dewey Decimal Classification     Junior Fiction Wasatch County Library Wasatch County Library Main Floor Junior Area 05/13/2015 12.99 30 8 J Northrop 34301001209156 08/19/2025 08/11/2025 12.99 03/20/2020 BOOK
This project was made possible through a grant from the Institute of Museum and Library Service administered by the Utah State Library Division.

Wasatch County Library

  • 465 East 1200 South, Heber City, Utah 84032
  • Phone 435-654-1511 | Fax 435-654-6456

Hours

  • Monday - Friday 9:30 AM - 8:00 PM
  • Saturday 9:30 AM - 1:30 PM
  • Closed Sundays and Holidays